Adaptable Embedded Systems / (Record no. 33099)
[ view plain ]
| 000 -LEADER | |
|---|---|
| fixed length control field | 00529nam a2200181Ia 4500 |
| 001 - CONTROL NUMBER | |
| control field | 35560 |
| 003 - CONTROL NUMBER IDENTIFIER | |
| control field | Ost |
| 005 - DATE AND TIME OF LATEST TRANSACTION | |
| control field | 20260507160530.0 |
| 008 - FIXED-LENGTH DATA ELEMENTS--GENERAL INFORMATION | |
| fixed length control field | 251113s9999||||xx |||||||||||||| ||eng|| |
| 040 ## - CATALOGING SOURCE | |
| Transcribing agency | nitttr |
| 041 ## - LANGUAGE CODE | |
| Language code of text/sound track or separate title | eng |
| 082 ## - DEWEY DECIMAL CLASSIFICATION NUMBER | |
| Classification number | TK7895.E42 |
| Item number | A33 2013eb |
| 100 ## - MAIN ENTRY--PERSONAL NAME | |
| Personal name | Carro, Luigi. |
| 245 #0 - TITLE STATEMENT | |
| Title | Adaptable Embedded Systems / |
| Statement of responsibility, etc. | Carro, Luigi., Lang Lisbo?a, Carlos Arthur., Beck Fl., Antonio Carlos Schneider |
| 700 ## - ADDED ENTRY--PERSONAL NAME | |
| Personal name | Beck Fl., Antonio Carlos Schneider |
| 700 ## - ADDED ENTRY--PERSONAL NAME | |
| Personal name | Lang Lisbo?a, Carlos Arthur. |
| 942 ## - ADDED ENTRY ELEMENTS (KOHA) | |
| Koha item type | Books |
| Withdrawn status | Lost status | Damaged status | Not for loan | Home library | Current library | Date acquired | Total checkouts | Full call number | Barcode | Date last seen | Price effective from | Koha item type |
|---|---|---|---|---|---|---|---|---|---|---|---|---|
| National Institute of Technical Teachers Training & Research | National Institute of Technical Teachers Training & Research | 05/07/2026 | TK7895.E42 A33 2013eb | 528262 | 05/07/2026 | 05/07/2026 | Books |